England Rugby - Top Pointscorers - Statistics

General Stats
  • This quiz has been taken 223 times
    156 since last reset
  • The average score is 5 of 11
Answer Stats
Points Years Active Player % Correct
1179 1998-2011 Jonny Wilkinson
98%
875 2012-2019 Owen Farrell
98%
210 1984-1996 Rory Underwood
55%
301 2006-2013 Toby Flood
48%
397 1985-1997 Rob Andrew
47%
400 1995-2004 Paul Grayson
34%
269 2001-2012 Charlie Hodgson
30%
300 2014-2019 George Ford
22%
296 1987-1993 Jonathan Webb
20%
240 1974-1984 Dusty Hare
18%
203 1989-1991 Simon Hodgkinson
10%
No matching quizzes found
Score Distribution
Percent of People with Each Score
Percentile by Number Answered
Your Score History
You have not taken this quiz since the last reset